000 00303nam a22001097a 4500
082 _a343.549101
_bMAN
245 _aManual of Pakistan Military Law
_cEdited by Ministry of Defence
260 _aPakistan :
_bMinistry of Defence,
_c1958.
300 _a904 p. ;
_c25 cm.
563 _aHB.
942 _2ddc
_cBK
999 _c616249
_d616249